Central Library OPAC University of Rajshahi

The poet's Bible / (Record no. 18714)

MARC details
000 -LEADER
fixed length control field 00758nam a2200265K 4500
001 - CONTROL NUMBER
control field 18714
003 - CONTROL NUMBER IDENTIFIER
rucl marc code BD-RjUL
005 - DATE AND TIME OF LATEST TRANSACTION
control field 20211209000326.0
008 - FIXED-LENGTH DATA ELEMENTS--GENERAL INFORMATION
fixed length control field 140222s1895 enk o01 1 eng d
035 ## - SYSTEM CONTROL NUMBER
System control number (BD-RjUL)18772
System control number (OCoLC)680451666
040 ## - CATALOGING SOURCE
Original cataloging agency OCLCE
Language of cataloging eng
Transcribing agency OCLCE
Modifying agency BD-RjUL
041 ## - LANGUAGE CODE
Language code of text/sound track or separate title eng
082 00 - DEWEY DECIMAL CLASSIFICATION NUMBER
Classification number 808.8
Author mark and year POE 1895
245 14 - TITLE STATEMENT
Title The poet's Bible /
Statement of responsibility, etc. selected and ed. by W. Garrett Horder.
250 ## - EDITION STATEMENT
Edition statement 3rd ed.
260 ## - PUBLICATION, DISTRIBUTION, ETC. (IMPRINT)
Place of publication, distribution, etc. London :
Name of publisher, distributor, etc. Ward,
Date of publication, distribution, etc. 1895.
300 ## - PHYSICAL DESCRIPTION
Pagination xviii, 504 p ;
Size 19 cm.
504 ## - BIBLIOGRAPHY, ETC. NOTE
Bibliography, etc Includes index.
650 #0 - SUBJECT ADDED ENTRY--TOPICAL TERM
Topical term or geographic name as entry element Religious poetry.
9 (RLIN) 55374
700 1# - ADDED ENTRY--PERSONAL NAME
Personal name Horder, W. Garrett,
Dates associated with a name 1841-1922,
Fuller form of name (William Garrett),
776 1# - ADDITIONAL PHYSICAL FORM ENTRY
Qualifying information Original
Record control number (OCoLC)3618404
942 ## - ADDED ENTRY ELEMENTS (KOHA)
Source of classification or shelving scheme Dewey Decimal Classification
Koha item type Books
Holdings
Lost status Source of classification or shelving scheme Damaged status Not for loan Collection code Permanent Location Current Location Shelving location Date acquired Source of acquisition Cost, normal purchase price Total Checkouts Full call number Date last seen Copy number Koha item type
  Dewey Decimal Classification   Not For Loan Fiction Central Library, University of Rajshahi Central Library, University of Rajshahi Reading Room 12/12/1956 Pak. Lif. Lib. 30.00   808.8 POE 1895 22/02/2014 C-1 Books